<?xml version="1.0" encoding="UTF-8"?>
<record
    xmlns:xsi="http://www.w3.org/2001/XMLSchema-instance"
    xsi:schemaLocation="http://www.loc.gov/MARC21/slim http://www.loc.gov/standards/marcxml/schema/MARC21slim.xsd"
    xmlns="http://www.loc.gov/MARC21/slim">

  <leader>02368nam a22003257a 4500</leader>
  <datafield tag="999" ind1=" " ind2=" ">
    <subfield code="c">21825</subfield>
    <subfield code="d">21825</subfield>
  </datafield>
  <controlfield tag="003">AR-CdUCM</controlfield>
  <controlfield tag="008">190425b           ||||| |||| 00| 0 spa d</controlfield>
  <datafield tag="040" ind1=" " ind2=" ">
    <subfield code="a">MUNICIPALIDAD PROVINCIAL DEL CUSCO</subfield>
    <subfield code="c">BIBLIOTECA MUNICIPAL DEL CUSCO</subfield>
  </datafield>
  <datafield tag="082" ind1=" " ind2=" ">
    <subfield code="a">Rev.Allp/N&#xB0;49/1997</subfield>
  </datafield>
  <datafield tag="110" ind1=" " ind2=" ">
    <subfield code="a">Instituto de Pastoral Andina</subfield>
    <subfield code="9">12766</subfield>
  </datafield>
  <datafield tag="245" ind1=" " ind2=" ">
    <subfield code="a">Allpanchis Phuturinqa :</subfield>
    <subfield code="b">Revista Anual /</subfield>
  </datafield>
  <datafield tag="260" ind1=" " ind2=" ">
    <subfield code="a">Lima :</subfield>
    <subfield code="b">Tarea Asociaci&#xF3;n Gr&#xE1;fica Educativa,</subfield>
    <subfield code="c">1997.</subfield>
  </datafield>
  <datafield tag="300" ind1=" " ind2=" ">
    <subfield code="a">278 p&#xE1;ginas. :</subfield>
    <subfield code="c">20 cm.</subfield>
  </datafield>
  <datafield tag="440" ind1=" " ind2=" ">
    <subfield code="a">Revista del Instituto de Pastoral Andina Cusco</subfield>
    <subfield code="n">A&#xF1;o XXIX, 1997,N&#xB0;49.Vol.[XLV]</subfield>
    <subfield code="9">46278</subfield>
  </datafield>
  <datafield tag="505" ind1=" " ind2=" ">
    <subfield code="a">Contenido: El componente occidental una lectura sobre la Nueva Cr&#xF3;nica y Buen Gobierno de Felipe Guam&#xE1;n Poma de Ayala. Claudia Guarisco Canseco. -- La conciencia y la voluntad aspiraciones e intereses bajo el gobierno de Antonio de Mendoza. Elisa Speckman Guerra. -- Las diversiones y el discurso modernizador los intentos de formaci&#xF3;n de un cultura burguesa en Lima 1890-1912. Fanni Mu&#xF1;oz Cabrejo. -- Modernizaci&#xF3;n y ciudadan&#xED;a la experiencia de la ciudad de M&#xE9;xico 1870-1930. Jorge Bracamonte Allain. -- Estado y representaci&#xF3;n en el Per&#xFA; un ensayo de interpretaci&#xF3;n. Morgan Quero. -- El Leviat&#xE1;n exhausto la crisis del Estado interventor en M&#xE9;xico. Adri&#xE1;n Acosta Silva. -- Entre la mierda y el mal la diversidad etnocultural en los zorros de Arguedas. Ricardo Melgar Bao. -- Un asomo a la otredad nuevos derroteros para la democratizaci&#xF3;n en M&#xE9;xico. Sara Makowski. -- Acerca de intelectuales y pol&#xED;tica en el Per&#xFA;. Osmar Gonzales. -- Entre la instituci&#xF3;n y la revoluci&#xF3;n intelectuales y cambio pol&#xED;tico en M&#xE9;xico. Laura Baca Olamendi. -- La pacificaci&#xF3;n en el Per&#xFA; buscando nuevos rumbos. Eduardo Toche.-- Del horror a la costumbre violencia y pol&#xED;tica en el M&#xE9;xico actual. Mario Constantino Toto.</subfield>
  </datafield>
  <datafield tag="650" ind1=" " ind2=" ">
    <subfield code="a">Modernizaci&#xF3;n y ciudadan&#xED;a </subfield>
    <subfield code="9">46279</subfield>
  </datafield>
  <datafield tag="650" ind1=" " ind2=" ">
    <subfield code="a">Diversidad cultural </subfield>
    <subfield code="9">44124</subfield>
  </datafield>
  <datafield tag="650" ind1=" " ind2=" ">
    <subfield code="a">Democratizaci&#xF3;n</subfield>
    <subfield code="9">6686</subfield>
  </datafield>
  <datafield tag="650" ind1=" " ind2=" ">
    <subfield code="a">Violencia pol&#xED;tica</subfield>
    <subfield code="9">7220</subfield>
  </datafield>
  <datafield tag="650" ind1=" " ind2=" ">
    <subfield code="a">M&#xE9;xico</subfield>
    <subfield code="9">18</subfield>
  </datafield>
  <datafield tag="650" ind1=" " ind2=" ">
    <subfield code="a">Per&#xFA;</subfield>
    <subfield code="9">46280</subfield>
  </datafield>
  <datafield tag="700" ind1=" " ind2=" ">
    <subfield code="a">Guarisco Canseco, Claudia</subfield>
    <subfield code="9">46281</subfield>
  </datafield>
  <datafield tag="700" ind1=" " ind2=" ">
    <subfield code="a">Mu&#xF1;oz Cabrejo, Fanni</subfield>
    <subfield code="9">23928</subfield>
  </datafield>
  <datafield tag="700" ind1=" " ind2=" ">
    <subfield code="a">Bracamonte Allain, Jorge</subfield>
    <subfield code="9">46282</subfield>
  </datafield>
  <datafield tag="700" ind1=" " ind2=" ">
    <subfield code="a">Baca Olamendi, Laura</subfield>
    <subfield code="9">46283</subfield>
  </datafield>
  <datafield tag="700" ind1=" " ind2=" ">
    <subfield code="a">Melgar Bao, Ricardo</subfield>
    <subfield code="9">46284</subfield>
  </datafield>
  <datafield tag="942" ind1=" " ind2=" ">
    <subfield code="2">ddc</subfield>
    <subfield code="c">PP</subfield>
  </datafield>
  <datafield tag="945" ind1=" " ind2=" ">
    <subfield code="a">rac</subfield>
  </datafield>
  <datafield tag="952" ind1=" " ind2=" ">
    <subfield code="0">0</subfield>
    <subfield code="2">ddc</subfield>
    <subfield code="4">0</subfield>
    <subfield code="7">0</subfield>
    <subfield code="a">HEM</subfield>
    <subfield code="b">HEM</subfield>
    <subfield code="c">CART</subfield>
    <subfield code="d">2021-08-18</subfield>
    <subfield code="g">10.00</subfield>
    <subfield code="o">Rev.Allp/N&#xB0;49/1997</subfield>
    <subfield code="p">REVC000297</subfield>
    <subfield code="r">2021-08-18</subfield>
    <subfield code="y">PP</subfield>
  </datafield>
</record>
